000
00210 a2200097 4500
001
49626
100
_a
Hamilton
245
_a
Mojority 1931-1952
260
_a
London
_b
Hamish Hamilton
_c
090
_c
32142
_d
32142
942
_a
NUST-CAE
_c
M
_c
24606
999
_c
284699
_d
284699